000 01157pam a2200349 a 4500
001 8508
003 FISKH
005 20250916154216.0
008 880623s1989 nyua j 000 0 eng
010 _a 88022045
020 _a0688074138
020 _a0688074146
_qlib. bdg.
020 _a9780688074135
020 _a9780688074142
_q(lib. bdg.)
020 _a9780590463201
040 _aDLC
_cDLC
_dDLC
_beng
050 0 0 _aQC941.3
_b.S55 1989
082 0 0 _a551.5/5
_219
100 1 _aSimon, Seymour.
245 1 0 _aStorms /
_cSeymour Simon.
260 _aNew York :
_bMorrow Junior Books,
_c1989.
300 _a32 unnumbered pages :
_bcolor illustrations ;
_c24 cm
336 _atext
_btxt
_2rdacontent
337 _aunmediated
_bn
_2rdamedia
338 _avolume
_bnc
_2rdacarrier
520 _aDescribes the atmospheric conditions which create thunderstorms, hailstorms, lightning, tornadoes, and hurricanes and how violent weather affects the environment and people.
650 0 _aStorms
_xJuvenile literature.
650 1 _aStorms.
906 _a7
_bcbc
_corignew
_d1
_eocip
_f19
_gy-gencatlg
942 _2ddc
_cBK
_n0
999 _c8508
_d8508